000 00719nam a2200217 i 4500
001 188982
003 ES-MaACL
005 20250824203231.0
007 t|
008 190307s1973 sp ||||1| spa d
100 0 _aNapoleoni, Claudio.
_984913
245 1 0 _aCurso de economía política /
_cClaudio Napoleoni ; [versión de Montserrat Bertrán].
260 _aBarcelona :
_bOikos-Tau,
_c[1973]
300 _a397 p. ;
_c21 cm.
490 1 _aColección "Libros de Economía Oikos" ;
_v21
650 0 7 _aEconomía
_2embne
_912006
700 0 _aBertrán, Montserrat.
_928500
830 0 0 _aColección "Libros de economía Oikos"
_v21
_9187436
852 _aES-MaACL
_jP-522-Ter-21
999 _c188982
_d188982